The International Brigade (Record no. 71102)

MARC details
000 -LEADER
fixed length control field 01417cam a2200229 4500
001 - CONTROL NUMBER
control field ABS65817
008 - FIXED-LENGTH DATA ELEMENTS--GENERAL INFORMATION
fixed length control field 020905n2002 000 0 eng u
035 ## - SYSTEM CONTROL NUMBER
System control number (Sirsi) u119584
100 ## - MAIN ENTRY--PERSONAL NAME
Personal name Richards, M.
245 #4 - TITLE STATEMENT
Title The International Brigade
260 ## - PUBLICATION, DISTRIBUTION, ETC.
Date of publication, distribution, etc. 2002
490 ## - SERIES STATEMENT
Series statement Building
Volume/sequential designation 267(8248) 30 August 2002, 18-19(2)
520 ## - SUMMARY, ETC.
Summary, etc. Reports on UK consultants at the Johannesburg earth summit who are keen to promote global sustainability in construction and development. GABS (Global Alliance for Building Sustainability) is a new voluntary body. Led by the RICS foundation this coalition of professional industry bodies, non governmental organisations and government agencies hopes to present different strategies in cooperation with the market economy. It concedes that it will be very difficult to introduce regulations at national and internatonal level to bring in green buildings and others are sceptical about what a voluntary body can achieve. However, there are a number of general ideas such as best practice schemes that the alliance can start to transfer from the developed to the developing world.
590 ## - LOCAL NOTE (RLIN)
Local note ABS
650 ## - SUBJECT ADDED ENTRY--TOPICAL TERM
Topical term or geographic name entry element GLOBAL ALLIANCE FOR BUILDING SUSTAINABILITY
650 ## - SUBJECT ADDED ENTRY--TOPICAL TERM
Topical term or geographic name entry element ABOUT RICS-RELATED ORGANISATIONS-RICS FOUNDATION
650 ## - SUBJECT ADDED ENTRY--TOPICAL TERM
Topical term or geographic name entry element CONSTRUCTION METHODS
650 ## - SUBJECT ADDED ENTRY--TOPICAL TERM
Topical term or geographic name entry element SUSTAINABLE DEVELOPMENT
650 ## - SUBJECT ADDED ENTRY--TOPICAL TERM
Topical term or geographic name entry element EARTH SUMMIT
690 ## - LOCAL SUBJECT ADDED ENTRY--TOPICAL TERM (OCLC, RLIN)
Topical term or geographic name as entry element DEVELOPMENT-SUSTAINABLE
942 ## - ADDED ENTRY ELEMENTS (KOHA)
Suppress in OPAC 0
Holdings
Withdrawn status Lost status Source of classification or shelving scheme Damaged status Not for loan Home library Current library Shelving location Date acquired Total Checkouts Full call number Barcode Date last seen Copy number Price effective from Koha item type
    Dewey Decimal Classification     London London Journal article 05/09/2002   ABS65817 119584-1001 06/08/2019 1 06/08/2019 Journal article